000 00433nam a2200157Ia 4500
008 230917s9999||||xx |||||||||||||| ||und||
040 _e181262
_aMAIN
041 _aEnglish
082 _a658.8 A23B(2)
100 _aAnderson, James C
245 0 _aBusiness market management: Understanding, creating and delivering value
250 _a2nd ed.
260 _aNew Delhi
_bPearson Education
_c2004
300 _a480 p.
942 _cBK
999 _c164533
_d164533